[Event "TOP 16 GpB"]
[Site "Clichy FRA"]
[Date "2010.03.26"]
[Round "1"]
[White "Neiman,E"]
[Black "Delorme,Ax"]
[Result "1-0"]
[WhiteElo "2339"]
[BlackElo "2429"]
[EventDate "2010.03.26"]

1. Nf3 Nf6 2. d4 e6 3. Bg5 h6 4. Bh4 c5 5. e3 b6 6. Nbd2 Be7 7. c3 O-O 8.
a4 cxd4 9. exd4 a6 10. Bd3 Bb7 11. O-O Nc6 12. Bxf6 Bxf6 13. Ne4 Be7 14.
Qe2 Re8 15. Rfe1 Bf8 16. Bc2 f5 17. Ng3 Ne7 18. Ne5 Nc6 19. Rad1 Nxe5 20.
dxe5 Qc7 21. Qh5 Qc6 22. f3 Bc5+ 23. Kh1 Rf8 24. Rd2 Kh7 25. Nxf5 exf5 26.
Bxf5+ Rxf5 27. Qxf5+ Qg6 28. Qxg6+ Kxg6 29. b4 Bf8 30. e6 dxe6 31. Rxe6+
Kf7 32. Rxb6 Bc8 33. g4 Be6 34. Kg2 a5 35. b5 Rc8 36. Rc6 Rxc6 37. bxc6 Bc5
38. Rb2 Ke7 39. Rb5 Kd6 40. Rxa5 Kxc6 41. Ra6+ Kd7 42. h4 Be3 43. h5 Bf7
44. Kg3 1-0

[Event "TOP 16 GpB"]
[Site "Chalons en Champagne FRA"]
[Date "2010.03.26"]
[Round "1"]
[White "Vaisser,A"]
[Black "Giri,A"]
[Result "0-1"]
[WhiteElo "2511"]
[BlackElo "2624"]
[EventDate "2010.03.26"]

1. d4 Nf6 2. c4 e6 3. Nc3 Bb4 4. e3 O-O 5. Nf3 b6 6. Bd3 d5 7. O-O Bb7 8.
cxd5 exd5 9. a3 Bd6 10. b4 a6 11. b5 axb5 12. Nxb5 c5 13. a4 Be7 14. Ba3
Nbd7 15. Qc2 Rc8 16. Na7 Ra8 17. Nb5 g6 18. Nd2 Bc6 19. Rfb1 Re8 20. Nc3
Bf8 21. Bb5 Bb7 22. Nf3 Qc7 23. Qb3 Rec8 24. Bxd7 Nxd7 25. dxc5 Bg7 26. Nd4
Nxc5 27. Qd1 Qd8 28. Bb2 Ba6 29. Ncb5 Qd7 30. h3 Ne4 31. Rc1 Rc4 32. Rxc4
dxc4 33. Nc3 Nc5 34. Qc2 Nd3 35. Nce2 Bb7 36. Bc3 Re8 37. Bd2 Qd5 38. f3
Qg5 39. Qxc4 Ne5 40. Qb5 Nxf3+ 0-1

[Event "TOP 16 GpB"]
[Site "Chalons en Champagne FRA"]
[Date "2010.03.26"]
[Round "1"]
[White "Edouard,R"]
[Black "Varga,P1"]
[Result "1-0"]
[WhiteElo "2617"]
[BlackElo "2434"]
[EventDate "2010.03.26"]

1. e4 e5 2. Nf3 Nc6 3. Bb5 a6 4. Ba4 Nf6 5. O-O Be7 6. Re1 b5 7. Bb3 d6 8.
c3 O-O 9. d4 Bg4 10. Be3 Bd7 11. Bc2 Re8 12. a3 h6 13. h3 Bf8 14. Nbd2 a5
15. d5 Ne7 16. a4 c6 17. dxc6 Bxc6 18. axb5 Bxb5 19. Ba4 Qb8 20. c4 Bc6 21.
b3 Qb7 22. Bxc6 Nxc6 23. Nh2 Nb4 24. Qb1 Be7 25. Nhf1 Bd8 26. Ng3 Bb6 27.
Nf5 Bxe3 28. Rxe3 Re6 29. Re1 Nd7 30. Ne3 Nc5 31. Nd5 Ree8 32. Nc3 Qb6 33.
Nb5 Ne6 34. Nf3 Nd4 35. Nfxd4 exd4 36. Rd1 d3 37. Rxd3 Nxd3 38. Qxd3 Re6
39. Kf1 Rae8 40. f3 Re5 41. Rd1 Rb8 42. Qxd6 Rxb5 43. cxb5 Qxb5+ 44. Rd3
Rc8 45. Kg1 Rc2 46. Kh2 Kh7 47. Qd5 Rc5 48. Qd6 Rc2 49. e5 Rc6 50. Qd4 Rg6
51. Qe4 Qc6 52. Rd5 Qb7 53. h4 h5 54. e6 1-0

[Event "TOP 16 GpB"]
[Site "Chalons en Champagne FRA"]
[Date "2010.03.26"]
[Round "1"]
[White "Roos,Dan"]
[Black "Krasenkow,M"]
[Result "0-1"]
[WhiteElo "2435"]
[BlackElo "2652"]
[EventDate "2010.03.26"]

1. d4 g6 2. e4 Bg7 3. Nf3 d6 4. Bc4 e6 5. Qe2 Ne7 6. Bf4 Nbc6 7. c3 O-O 8.
Nbd2 a6 9. O-O b5 10. Bb3 Bb7 11. Rfe1 Na5 12. Bc2 c5 13. dxc5 dxc5 14.
Rad1 Qb6 15. Qe3 Nc8 16. b4 cxb4 17. cxb4 Nc6 18. a3 a5 19. Qxb6 Nxb6 20.
Bc7 axb4 21. Bxb6 bxa3 22. e5 a2 23. Bb3 Rfc8 24. Bd4 Nxd4 25. Nxd4 Bxe5
0-1

[Event "TOP 16 GpB"]
[Site "Chalons en Champagne FRA"]
[Date "2010.03.26"]
[Round "1"]
[White "Sebag,M"]
[Black "Szabolcsi,J"]
[Result "1-0"]
[WhiteElo "2506"]
[BlackElo "2361"]
[EventDate "2010.03.26"]

1. e4 c6 2. d4 d5 3. e5 c5 4. dxc5 Nc6 5. Nf3 Bg4 6. c3 e6 7. Be3 Bxf3 8.
Qxf3 Nxe5 9. Bb5+ Nc6 10. O-O Nf6 11. Nd2 Be7 12. b4 O-O 13. Bxc6 bxc6 14.
Qg3 Nh5 15. Qe5 g6 16. Bd4 Bf6 17. Qe3 Ng7 18. Nf3 Nf5 19. Qd3 a5 20. a3
Re8 21. Be5 Bg7 22. Bxg7 Kxg7 23. Rfe1 axb4 24. cxb4 h5 25. a4 f6 26. Qb3
e5 27. Rad1 Qe7 28. b5 Qxc5 29. Rc1 Qa7 30. Rxc6 Ne7 31. Ra6 Qc5 32. Qb2
Rxa6 33. bxa6 d4 34. Qb5 Rc8 35. h3 Kf7 36. Rb1 Qc6 37. a7 Ra8 38. Qb3+ Qd5
39. Qb8 Qc6 40. Kh2 g5 41. Rb7 1-0

[Event "TOP 16 GpB"]
[Site "Chalons en Champagne FRA"]
[Date "2010.03.26"]
[Round "1"]
[White "Roos,Louis1"]
[Black "Apicella,M"]
[Result "0-1"]
[WhiteElo "2360"]
[BlackElo "2523"]
[EventDate "2010.03.26"]

1. e4 c5 2. Nf3 Nc6 3. d3 g6 4. g3 Bg7 5. Bg2 d6 6. c3 Nf6 7. Nbd2 O-O 8.
O-O Rb8 9. a4 b6 10. Re1 Ba6 11. Bf1 d5 12. e5 Ng4 13. d4 Bxf1 14. Nxf1
cxd4 15. cxd4 f6 16. e6 f5 17. Ra3 b5 18. Bf4 b4 19. Rd3 Rc8 20. Ne3 Nxe3
21. Bxe3 Qb6 22. Ne5 Bxe5 23. dxe5 d4 24. Bxd4 Qa6 25. Bc5 Qc4 26. Rd5 Rfd8
27. Bd6 b3 28. Rd2 Qxe6 29. Ba3 Rxd2 30. Qxd2 Nxe5 31. Re3 Kf7 32. Qd1 Rc2
33. Bb4 Qc6 34. Rxe5 Rc1 35. Rxe7+ Kf6 36. Re1 Rxd1 37. Rxd1 Qxa4 38. Bc3+
Kf7 39. Rd5 a6 40. Re5 Qc6 41. h4 Qf3 42. Re3 Qd1+ 43. Re1 Qg4 44. Re5 h6
45. Rd5 Ke6 46. Rd4 Qf3 47. Rb4 Kd5 48. Bg7 g5 49. Ra4 f4 0-1

[Event "TOP 16 GpB"]
[Site "Chalons en Champagne FRA"]
[Date "2010.03.26"]
[Round "1"]
[White "Dourerassou,J"]
[Black "Reinhart,E"]
[Result "1-0"]
[WhiteElo "2413"]
[BlackElo "2337"]
[EventDate "2010.03.26"]

1. e4 c6 2. d4 d5 3. Nc3 dxe4 4. Nxe4 Bf5 5. Ng3 Bg6 6. h4 h6 7. Nf3 Nd7 8.
h5 Bh7 9. Bd3 Bxd3 10. Qxd3 e6 11. Bf4 Qa5+ 12. Bd2 Bb4 13. c3 Be7 14. c4
Qc7 15. O-O Ngf6 16. Rfe1 O-O 17. Nf5 Rfe8 18. Nxe7+ Rxe7 19. Rad1 Ree8 20.
Ne5 Nxe5 21. dxe5 Red8 22. Qg3 Nxh5 23. Qh4 g6 24. g4 Ng7 25. Qxh6 Rd4 26.
Bf4 Qb6 27. Kg2 Rad8 28. Rh1 Nh5 29. Rxd4 Qxd4 30. gxh5 Qe4+ 31. Kh2 Rd2
32. Bg3 Rxf2+ 1-0

[Event "TOP 16 GpB"]
[Site "Chalons en Champagne FRA"]
[Date "2010.03.26"]
[Round "1"]
[White "Nicoara,M"]
[Black "Cossin,S"]
[Result "0-1"]
[WhiteElo "2151"]
[BlackElo "2497"]
[EventDate "2010.03.26"]

1. d4 Nf6 2. c4 g6 3. Nc3 Bg7 4. e4 d6 5. f3 O-O 6. Be3 c5 7. d5 e6 8. Bd3
exd5 9. cxd5 a6 10. a4 Nbd7 11. Nge2 Rb8 12. O-O Ne5 13. a5 Nfd7 14. Nc1
Nxd3 15. Nxd3 Re8 16. Bf2 b5 17. axb6 Rxb6 18. Na4 Rb5 19. Rc1 a5 20. Re1
Ba6 21. f4 Qb8 22. e5 c4 23. Rxc4 Rxd5 24. Rd4 Rxd4 25. Bxd4 Qb5 26. Nf2
dxe5 27. Bc3 h5 28. Qc2 Qc6 29. Nd1 Bb5 30. b3 Bxa4 31. bxa4 e4 32. Qd2
Bxc3 33. Nxc3 Nc5 34. Nb5 Nd3 35. Rf1 Qc5+ 36. Kh1 Rd8 37. h3 e3 38. Qxa5
Qd5 39. Qc3 e2 0-1

[Event "TOP 16 GpB"]
[Site "Chalons en Champagne FRA"]
[Date "2010.03.26"]
[Round "1"]
[White "Sumets,A"]
[Black "Kazhgaleyev,M"]
[Result "1/2-1/2"]
[WhiteElo "2614"]
[BlackElo "2637"]
[EventDate "2010.03.26"]

1. d4 Nf6 2. c4 g6 3. Nc3 Bg7 4. e4 d6 5. Nf3 O-O 6. Be2 e5 7. O-O c6 8.
dxe5 dxe5 9. Qxd8 Rxd8 10. Be3 Na6 11. h3 Re8 12. a3 Nh5 13. Rfd1 Nf4 14.
Bf1 Ne6 15. b4 b6 16. Rac1 c5 17. Nd5 f6 18. Rb1 1/2-1/2

[Event "TOP 16 GpB"]
[Site "Chalons en Champagne FRA"]
[Date "2010.03.26"]
[Round "1"]
[White "Tkachiev,V"]
[Black "Doncea,V"]
[Result "1/2-1/2"]
[WhiteElo "2639"]
[BlackElo "2475"]
[EventDate "2010.03.26"]

1. e4 c5 2. c3 d5 3. exd5 Qxd5 4. Nf3 Nf6 5. Na3 Qd8 6. d4 e6 7. Nc4 Nc6 8.
Nce5 Be7 9. Bb5 Bd7 10. Nxd7 Qxd7 11. Qa4 Qd5 12. Be3 Ng4 13. c4 Qd6 14.
dxc5 Qc7 15. Bxc6+ bxc6 16. Bf4 e5 17. Bg3 f6 18. b4 O-O 19. Nd4 Qd7 20.
Nxc6 Bxc5 21. Rd1 Bxb4+ 22. Qxb4 Qxc6 23. O-O Rab8 24. Qc3 Rbc8 25. Rc1 Qc5
26. Rfd1 Rfd8 27. Rxd8+ 1/2-1/2

[Event "TOP 16 GpB"]
[Site "Chalons en Champagne FRA"]
[Date "2010.03.26"]
[Round "1"]
[White "Vernay,C"]
[Black "Godena,M"]
[Result "1/2-1/2"]
[WhiteElo "2440"]
[BlackElo "2561"]
[EventDate "2010.03.26"]

1. d4 d5 2. c4 dxc4 3. e3 e5 4. Bxc4 exd4 5. exd4 Bd6 6. Nf3 Nf6 7. O-O O-O
8. Nc3 Nc6 9. a3 Bg4 10. Be3 Qd7 11. Re1 Rfe8 12. h3 Bh5 13. d5 Bxf3 14.
Qxf3 Ne5 1/2-1/2

[Event "TOP 16 GpB"]
[Site "Chalons en Champagne FRA"]
[Date "2010.03.26"]
[Round "1"]
[White "Fontaine,R"]
[Black "Benitah,Y"]
[Result "1/2-1/2"]
[WhiteElo "2548"]
[BlackElo "2377"]
[EventDate "2010.03.26"]

1. e4 c5 2. Nf3 d6 3. Bb5+ Nd7 4. O-O Ngf6 5. d4 cxd4 6. Qxd4 e5 7. Qd3 Be7
8. Bg5 O-O 9. Bxd7 Nxd7 10. Bxe7 Qxe7 11. Nc3 Nf6 12. Rad1 Rd8 13. Rd2 b6
14. Rfd1 Bb7 15. Nh4 g6 16. Qg3 Kh8 17. Qg5 Rd7 18. Re1 Rad8 19. Nf3 Kg7
20. Nh4 Kh8 21. Nf3 Kg7 22. Nh4 1/2-1/2

[Event "TOP 16 GpB"]
[Site "Chalons en Champagne FRA"]
[Date "2010.03.26"]
[Round "1"]
[White "Renaze,L"]
[Black "Lahno,Kateri"]
[Result "1/2-1/2"]
[WhiteElo "2304"]
[BlackElo "2518"]
[EventDate "2010.03.26"]

1. d4 Nf6 2. c4 g6 3. Nc3 d5 4. Bg5 Ne4 5. Bh4 Nxc3 6. bxc3 dxc4 7. e3 Be6
8. Nf3 Nd7 9. Be2 Bg7 10. O-O O-O 11. Rb1 Nb6 12. e4 Qe8 13. Qc1 f5 14.
exf5 Bxf5 15. Rb4 a5 16. Rb2 Qd7 17. Re1 Rae8 18. Bf1 Bd3 19. Ne5 Bxe5 20.
Rxe5 Rf5 21. Qe1 Rxe5 22. Qxe5 Qg4 23. Bxd3 cxd3 24. g3 Qd7 25. Qc5 e5 26.
Bf6 exd4 27. Bxd4 Qf7 28. Rd2 Qc4 29. Qxc4+ Nxc4 30. Rxd3 Re2 31. Bc5 b6
32. Rd8+ Kf7 33. Rf8+ Kg7 34. Rf4 Nd6 35. Bd4+ Kg8 36. a4 Nf5 37. Kf1 Nxd4
38. Rxd4 Re7 39. f4 1/2-1/2

[Event "TOP 16 GpB"]
[Site "Chalons en Champagne FRA"]
[Date "2010.03.26"]
[Round "1"]
[White "Govciyan,P"]
[Black "Lacour,S"]
[Result "1-0"]
[WhiteElo "2430"]
[BlackElo "2194"]
[EventDate "2010.03.26"]

1. d4 c5 2. d5 e6 3. c4 exd5 4. cxd5 d6 5. Nc3 Be7 6. e4 Bf6 7. f4 Ne7 8.
Nf3 Ng6 9. Bd3 O-O 10. O-O Bg4 11. h3 Bd4+ 12. Kh2 Bxf3 13. Qxf3 a6 14. g3
Nd7 15. h4 b5 16. h5 Ne7 17. g4 c4 18. Bc2 Rc8 19. Ne2 Bb6 20. Bd2 a5 21.
Rad1 b4 22. Be1 g6 23. Bh4 f6 24. e5 fxe5 25. hxg6 hxg6 26. Bxg6 exf4 27.
Qh3 Ne5 28. Bh7+ Kg7 29. Nxf4 Rxf4 30. Rxf4 1-0

[Event "TOP 16 GpB"]
[Site "Chalons en Champagne FRA"]
[Date "2010.03.26"]
[Round "1"]
[White "Ravot,S"]
[Black "Guidarelli,L"]
[Result "0-1"]
[WhiteElo "2264"]
[BlackElo "2433"]
[EventDate "2010.03.26"]

1. Nf3 Nf6 2. c4 c5 3. Nc3 b6 4. d4 cxd4 5. Nxd4 Bb7 6. f3 e6 7. e4 d6 8.
Be2 Be7 9. Nc2 O-O 10. Ne3 a6 11. O-O Qc7 12. Qd2 Nbd7 13. b3 Rad8 14. Bb2
Rfe8 15. Rad1 Nf8 16. Rfe1 Ng6 17. Bf1 h5 18. Qc1 h4 19. Ne2 Nh5 20. g3 Bg5
21. f4 Bf6 22. Bg2 Bxb2 23. Qxb2 Nf6 24. Nc3 Qc5 25. b4 Qc8 26. a4 Qa8 27.
Qb1 Ne7 28. a5 bxa5 29. bxa5 h3 30. Bf3 Nc6 31. Ng4 Nxg4 32. Bxg4 Nxa5 33.
Qb4 Qa7+ 34. Kf1 Nc6 35. Qa3 Nd4 36. Qa2 Rc8 37. Nb5 Nxb5 38. cxb5 Qb6 39.
bxa6 Bxa6+ 40. Be2 Rc3 41. Qxa6 Rf3+ 42. Bxf3 Qxa6+ 43. Be2 Qc6 44. Bg4 f5
45. Bf3 Ra8 46. Re2 Ra3 47. Bh1 Rc3 48. Red2 Rc1 49. Rxd6 Qxd6 50. Rxc1
Qd3+ 51. Ke1 0-1

[Event "TOP 16 GpB"]
[Site "Chalons en Champagne FRA"]
[Date "2010.03.26"]
[Round "1"]
[White "Leconte,M"]
[Black "Mehiaoui,D"]
[Result "1-0"]
[WhiteElo "2330"]
[BlackElo "1934"]
[EventDate "2010.03.26"]

1. d4 Nf6 2. Nf3 d5 3. c4 c6 4. Nc3 Bf5 5. cxd5 Nxd5 6. Qb3 Nxc3 7. bxc3
Qb6 8. Ne5 e6 9. f3 Qxb3 10. axb3 Bc2 11. b4 Nd7 12. Nc4 Bg6 13. e4 Be7 14.
Na5 O-O-O 15. Nc4 Kb8 16. Bf4+ Ka8 17. Be2 a6 18. O-O Nf6 19. Ra2 Ne8 20.
Rfa1 Nd6 21. Nxd6 Bxd6 22. Bxd6 Rxd6 23. Bxa6 bxa6 24. Rxa6+ Kb7 25. Ra7+
1-0

[Event "TOP 16 GpB"]
[Site "Clichy FRA"]
[Date "2010.03.27"]
[Round "2"]
[White "Bologan,V"]
[Black "Fressinet,L"]
[Result "1/2-1/2"]
[WhiteElo "2684"]
[BlackElo "2670"]
[EventDate "2010.03.26"]

1. e4 e5 2. Nf3 Nc6 3. Bb5 Nf6 4. O-O Nxe4 5. d4 Nd6 6. dxe5 Nxb5 7. a4
Nbd4 8. Nxd4 d5 9. Nxc6 bxc6 10. Qd3 Qd7 11. b3 Be7 12. Ba3 c5 13. Nc3 Bb7
14. Rfe1 O-O 15. Rad1 Rad8 16. Qg3 Qf5 17. Nb5 Rd7 1/2-1/2

[Event "TOP 16 GpB"]
[Site "Clichy FRA"]
[Date "2010.03.27"]
[Round "2"]
[White "Jakovenko,D"]
[Black "Abergel,T"]
[Result "1-0"]
[WhiteElo "2725"]
[BlackElo "2547"]
[EventDate "2010.03.26"]

1. d4 Nf6 2. c4 e6 3. Nc3 d5 4. Bg5 Be7 5. e3 O-O 6. Rc1 b6 7. cxd5 exd5 8.
Bd3 c6 9. Nf3 Nbd7 10. O-O Re8 11. Qc2 g6 12. Bf4 Bb7 13. h3 Nf8 14. Bh2
Ne6 15. Ne5 Nd7 16. f4 Nxe5 17. dxe5 Bc5 18. Kh1 Bxe3 19. Rce1 Ng7 20. Rxe3
d4 21. Ree1 dxc3 22. f5 c5 23. e6 fxe6 24. fxg6 hxg6 25. Bxg6 Rf8 26. Rxf8+
Qxf8 27. Be5 Rd8 28. Bxc3 Qf4 29. Bh7+ Kh8 30. Be4 Bd5 31. Bxd5 exd5 32.
Qg6 d4 33. Re7 Qf1+ 34. Kh2 Qf8 35. Qh6+ Kg8 36. Qg5 Re8 37. Qd5+ Kh8 38.
Rxe8 Qxe8 39. Bd2 Kh7 40. Bf4 Qe6 41. Qb7 Qf5 42. Qc7 Kg6 43. Bd2 Qf2 44.
Qd6+ Kh7 45. Bf4 Qxb2 46. Qh6+ Kg8 47. Be5 Ne8 48. Qe6+ Kf8 49. Bf4 d3 50.
Bg5 1-0

[Event "TOP 16 GpB"]
[Site "Clichy FRA"]
[Date "2010.03.27"]
[Round "2"]
[White "Sokolov,And1"]
[Black "Hamdouchi,H"]
[Result "1/2-1/2"]
[WhiteElo "2563"]
[BlackElo "2606"]
[EventDate "2010.03.26"]

1. e4 c5 2. Nf3 Nc6 3. d4 cxd4 4. Nxd4 Qb6 5. Nf3 Nf6 6. Bd3 d6 7. h3 g6 8.
c4 Bg7 9. Nc3 O-O 10. O-O Nd7 11. Nd5 Qd8 1/2-1/2

[Event "TOP 16 GpB"]
[Site "Clichy FRA"]
[Date "2010.03.27"]
[Round "2"]
[White "Maze,S"]
[Black "Vovk,Y"]
[Result "1/2-1/2"]
[WhiteElo "2554"]
[BlackElo "2545"]
[EventDate "2010.03.26"]

1. d4 Nf6 2. Nf3 g6 3. c4 Bg7 4. Nc3 O-O 5. g3 d6 6. Bg2 Nc6 7. O-O a6 8.
h3 Bd7 9. e4 e5 10. Be3 exd4 11. Nxd4 Qc8 12. Kh2 Ne5 13. Qe2 c5 14. Nc2 b5
15. cxb5 axb5 16. Nxb5 Qb8 17. Nca3 Ra5 18. Nc3 Neg4+ 19. hxg4 Nxg4+ 20.
Kg1 Bxc3 21. Nc4 Qb5 22. Bd2 Bxd2 23. Qxd2 Ra6 24. Nxd6 Qb8 25. Nf5 Bxf5
26. exf5 gxf5 27. Qg5+ Rg6 28. Qxf5 Qxb2 29. Qxc5 Qg7 30. Rfd1 Qh6 31. Rd5
Re8 32. Rh5 Qd2 33. Bf3 Qb2 34. Rd1 Qxa2 35. Rf5 Qe6 36. Kg2 Ne5 37. Be4
Nd7 38. Qd5 Nf6 1/2-1/2

[Event "TOP 16 GpB"]
[Site "Clichy FRA"]
[Date "2010.03.27"]
[Round "2"]
[White "Tregubov,P"]
[Black "Wirig,A"]
[Result "1/2-1/2"]
[WhiteElo "2625"]
[BlackElo "2504"]
[EventDate "2010.03.26"]

1. d4 Nf6 2. c4 e6 3. Nf3 d5 4. Nc3 dxc4 5. e4 Bb4 6. Bg5 h6 7. Bxf6 Qxf6
8. Bxc4 c5 9. O-O cxd4 10. e5 Qd8 11. Nxd4 O-O 12. Qg4 Qc7 13. Ndb5 Qxe5
14. Rae1 Qc5 15. Re3 Bxc3 16. Nxc3 Nc6 17. Rg3 Qg5 18. Qe2 Qf4 19. Bd3 Rd8
20. Bb1 Bd7 21. Qh5 Be8 22. Rg4 g6 23. Qh4 Qe5 24. Qxh6 Rd4 25. Rg3 Rad8
26. h4 Qf4 27. Qxf4 Rxf4 28. h5 Kg7 29. hxg6 fxg6 30. Re3 Bf7 31. Be4 Rd2
32. g3 Rg4 33. b3 Nd4 34. Bxb7 Rc2 35. Rfe1 Nf5 36. Rd3 Rd4 37. Red1 e5 38.
Bf3 Rxd3 39. Rxd3 Be6 40. Be4 Rc1+ 41. Kg2 Nd4 42. Re3 g5 43. Ne2 Ra1 44.
Nxd4 exd4 45. Re2 Kf6 46. Kf3 Bf7 47. Rc2 Be6 48. Rc6 Ke5 49. Rc5+ Kf6 50.
Ra5 Re1 51. Bd3 Bd7 52. Ra6+ Ke5 53. g4 Be6 54. Ra5+ Bd5+ 55. Kg3 Rg1+ 56.
Kh2 Rh1+ 57. Kg3 Rg1+ 58. Kh2 Rh1+ 1/2-1/2

[Event "TOP 16 GpB"]
[Site "Clichy FRA"]
[Date "2010.03.27"]
[Round "2"]
[White "Bricard,E"]
[Black "Delorme,Ax"]
[Result "0-1"]
[WhiteElo "2488"]
[BlackElo "2429"]
[EventDate "2010.03.26"]

1. e4 e5 2. Bc4 Nf6 3. d3 Nc6 4. Nc3 Na5 5. Nge2 c6 6. a3 Nxc4 7. dxc4 d6
8. O-O Be7 9. Qd3 O-O 10. Bg5 h6 11. Bh4 Nh7 12. Bxe7 Qxe7 13. Rad1 Be6 14.
b3 Rad8 15. Qe3 f5 16. Qxa7 f4 17. f3 g5 18. c5 dxc5 19. Na4 c4 20. Qc5 Qf6
21. b4 g4 22. fxg4 Ng5 23. Rxd8 Rxd8 24. Ng3 fxg3 25. Rxf6 Rd1+ 26. Rf1
Rxf1+ 27. Kxf1 gxh2 28. Qxe5 h1=Q+ 29. Kf2 Qh4+ 30. Kf1 Qxg4 31. Qb8+ Kh7
32. Qxb7+ Kg6 33. Nc5 Nxe4 0-1

[Event "TOP 16 GpB"]
[Site "Clichy FRA"]
[Date "2010.03.27"]
[Round "2"]
[White "Skripchenko,A"]
[Black "Richard,E"]
[Result "1-0"]
[WhiteElo "2456"]
[BlackElo "2116"]
[EventDate "2010.03.26"]

1. e4 c5 2. Nf3 Nc6 3. Bb5 d6 4. O-O Bd7 5. Re1 Nf6 6. c3 a6 7. Ba4 b5 8.
Bc2 Bg4 9. d3 e5 10. Nbd2 Be7 11. h3 Bh5 12. Nf1 Bxf3 13. Qxf3 O-O 14. Ng3
b4 15. Ba4 Rc8 16. Nf5 Ne8 17. Qg3 Bf6 18. Bb3 Kh8 19. Be3 Nc7 20. d4 bxc3
21. dxc5 cxb2 22. Rad1 Nb5 23. Nxd6 Ncd4 24. Bxd4 Nxd4 25. Qd3 Rxc5 26. Nb7
Qc7 27. Nxc5 Qxc5 28. Rb1 Qa5 29. Red1 Rd8 30. Rxb2 g6 31. Bxf7 Qa4 32. Bd5
Rc8 33. Rdb1 Kg7 34. Qe3 Nb5 35. Qb6 Rc3 36. Qe6 Bg5 37. Rb3 Rxb3 38. Rxb3
Nd4 39. Rb7+ Kh6 40. Rxh7+ 1-0

[Event "TOP 16 GpB"]
[Site "Chalons en Champagne FRA"]
[Date "2010.03.27"]
[Round "2"]
[White "Edouard,R"]
[Black "Sumets,A"]
[Result "1-0"]
[WhiteElo "2617"]
[BlackElo "2614"]
[EventDate "2010.03.26"]

1. d4 d5 2. c4 dxc4 3. e4 Nf6 4. e5 Nd5 5. Bxc4 Nb6 6. Bd3 Nc6 7. Ne2 Bg4
8. f3 Be6 9. Nbc3 Bc4 10. Bxc4 Nxc4 11. Qb3 Nb6 12. Be3 e6 13. O-O Nb4 14.
f4 N4d5 15. Bd2 Qd7 16. a4 a5 17. Ne4 Bb4 18. Nc5 Qc8 19. Bxb4 Nxb4 20. f5
exf5 21. e6 O-O 22. Rxf5 f6 23. Nd7 Re8 24. Rc1 Ra6 25. Nxf6+ 1-0

[Event "TOP 16 GpB"]
[Site "Chalons en Champagne FRA"]
[Date "2010.03.27"]
[Round "2"]
[White "Giri,A"]
[Black "Miralles,G"]
[Result "1-0"]
[WhiteElo "2624"]
[BlackElo "2469"]
[EventDate "2010.03.26"]

1. d4 g6 2. c4 Bg7 3. Nf3 c5 4. d5 Nf6 5. Nc3 O-O 6. e4 d6 7. h3 e6 8. Bd3
exd5 9. cxd5 Nbd7 10. O-O Ne5 11. Nxe5 dxe5 12. Be3 b6 13. a3 Nh5 14. Re1
Nf4 15. Bf1 h5 16. b4 c4 17. Rc1 Bd7 18. Bxc4 Qg5 19. Qf3 Bh6 20. Kh2 Qh4
21. Bf1 g5 22. Qg3 Kh7 23. Red1 Rad8 24. a4 Ng6 25. Bb5 Bc8 26. a5 g4 27.
Qxh4 Nxh4 28. Bxh6 Kxh6 29. hxg4 bxa5 30. bxa5 hxg4 31. Na4 Kg5 32. d6 Rh8
33. Kg1 Bb7 34. Nc5 Ba8 35. Kf1 Rh6 36. d7 f5 37. Ne6+ Rxe6 38. Rc8 Bxe4
39. Rxd8 Bxg2+ 40. Kg1 Be4 41. Rg8+ Kf4 42. d8=Q 1-0

[Event "TOP 16 GpB"]
[Site "Chalons en Champagne FRA"]
[Date "2010.03.27"]
[Round "2"]
[White "Sebag,M"]
[Black "Renaze,L"]
[Result "1-0"]
[WhiteElo "2506"]
[BlackElo "2304"]
[EventDate "2010.03.26"]

1. e4 e5 2. Nf3 Nc6 3. Bb5 a6 4. Ba4 Nf6 5. O-O Be7 6. Re1 b5 7. Bb3 d6 8.
c3 O-O 9. h3 Na5 10. Bc2 d5 11. d3 dxe4 12. dxe4 Qxd1 13. Rxd1 Bb7 14. Nbd2
Rad8 15. Re1 Bd6 16. b4 Nc6 17. a4 h6 18. Nf1 Rfe8 19. Ng3 Bf8 20. Be3 Rd7
21. axb5 axb5 22. Red1 Rxd1+ 23. Bxd1 Nb8 24. Nd2 Nbd7 25. Be2 c6 26. Ra7
Rb8 27. Nb3 Bc8 28. Na5 c5 29. bxc5 Nxc5 30. Nc6 Rb7 31. Ra8 Rc7 32. Bxb5
Kh7 33. Na7 Bd7 34. Rxf8 Rxa7 35. Bxc5 Ra1+ 36. Bf1 1-0

[Event "TOP 16 GpB"]
[Site "Chalons en Champagne FRA"]
[Date "2010.03.27"]
[Round "2"]
[White "Benitah,Y"]
[Black "Cossin,S"]
[Result "0-1"]
[WhiteElo "2377"]
[BlackElo "2497"]
[EventDate "2010.03.26"]

1. d4 Nf6 2. c4 g6 3. Nc3 Bg7 4. e4 d6 5. Nf3 O-O 6. Be2 e5 7. O-O Na6 8.
Be3 c6 9. dxe5 dxe5 10. Qc2 Qe7 11. h3 Nh5 12. Rfd1 Nc5 13. Bf1 Kh8 14. a3
Ne6 15. b4 f5 16. Ne2 b6 17. Rab1 c5 18. exf5 gxf5 19. Nc3 Nd4 20. Bxd4
cxd4 21. Nd5 Qd6 22. Qe2 Nf6 23. Nc3 Qb8 24. Na4 Ne4 25. Nh4 Bd7 26. b5 Qd8
27. g3 Rc8 28. Bg2 Nc5 29. Nxc5 bxc5 30. Bd5 Qf6 31. a4 Be6 32. Bxe6 Qxe6
33. a5 Rb8 34. Ng2 Qd6 35. Rb3 e4 36. Nf4 d3 37. Qh5 Be5 38. Ng2 Bd4 39.
Qh4 Rg8 40. Kf1 Qe6 41. b6 Qxc4 42. Rbb1 axb6 43. Qf4 b5 44. Ne3 Qe6 45.
Nxf5 Rgf8 46. g4 Bc3 47. Rdc1 Qc4 48. Kg2 d2 49. Rd1 Qd5 50. Qe3 b4 51. Kg1
Ra8 52. Qh6 Rxf5 0-1

[Event "TOP 16 GpB"]
[Site "Chalons en Champagne FRA"]
[Date "2010.03.27"]
[Round "2"]
[White "Apicella,M"]
[Black "Ravot,S"]
[Result "1/2-1/2"]
[WhiteElo "2523"]
[BlackElo "2264"]
[EventDate "2010.03.26"]

1. e4 c5 2. Nf3 d6 3. d4 cxd4 4. Nxd4 Nf6 5. Nc3 e5 6. Bb5+ Nbd7 7. Nf5 a6
8. Bxd7+ Qxd7 9. Bg5 Nxe4 10. Nxg7+ Bxg7 11. Nxe4 d5 12. Nf6+ Bxf6 13. Bxf6
Rg8 14. Bxe5 Rxg2 15. Bg3 Qe6+ 16. Qe2 Qe4 17. Kd2 Bg4 18. Qxe4+ dxe4 19.
Ke3 Rc8 20. Rhc1 Bf3 21. a4 h5 22. h4 Rc6 23. a5 Rg6 24. Ra3 R2xg3 25. fxg3
Rxg3 26. Rb3 Rg4 27. Rb6 Rxh4 28. Rg1 Kf8 29. Rxb7 Rh2 30. c4 h4 31. Rg5
Re2+ 32. Kf4 Bg2 33. Rb8+ Ke7 34. Re5+ Kf6 35. Rf5+ Kg7 36. Ke5 e3 37. Rg5+
Kh6 38. Rg4 Kh5 39. Rg7 Kh6 40. Rxf7 Rf2 41. Rb6+ Kh5 42. Rh7+ Kg4 43. Rg7+
Kf3 44. Kd4 h3 45. Rh6 Ke2 46. Rg3 Kd2 47. Rhxh3 Bxh3 48. Rxe3 Bf1 49. Rc3
Rf6 50. Kc5 Rf4 51. Kb4 Bd3 52. Kc5 Rf8 53. Kb6 Rf6+ 54. Kb7 Rf4 55. Kxa6
Bxc4+ 56. Kb6 Bd3 57. Rxd3+ Kxd3 58. a6 Kc4 59. a7 Rf8 60. Kb7 Rf7+ 1/2-1/2

[Event "TOP 16 GpB"]
[Site "Chalons en Champagne FRA"]
[Date "2010.03.27"]
[Round "2"]
[White "Mehiaoui,D"]
[Black "Dourerassou,J"]
[Result "0-1"]
[WhiteElo "1934"]
[BlackElo "2413"]
[EventDate "2010.03.26"]

1. e4 e5 2. Nf3 d6 3. d4 exd4 4. Nxd4 Nf6 5. Nc3 g6 6. Bc4 Bg7 7. h4 Qe7 8.
f3 c6 9. Nde2 Nbd7 10. Bf4 Ne5 11. Bb3 Be6 12. Qd2 h5 13. O-O-O O-O-O 14.
Kb1 Bxb3 15. axb3 Qc7 16. Be3 Rd7 17. Nf4 Rhd8 18. Qf2 Qa5 19. Rd4 b5 20.
Rhd1 Ne8 21. Qd2 c5 22. Rd5 Nc7 23. Rxd6 Rxd6 24. Qxd6 Rxd6 25. Rxd6 Nd7
26. Rc6 Kb7 27. Rd6 Nb6 28. Bxc5 Bxc3 29. bxc3 Qxc3 30. Bd4 Qe1+ 31. Kb2
Nc4+ 0-1

[Event "TOP 16 GpB"]
[Site "Chalons en Champagne FRA"]
[Date "2010.03.27"]
[Round "2"]
[White "Kazhgaleyev,M"]
[Black "Varga,P1"]
[Result "1/2-1/2"]
[WhiteElo "2637"]
[BlackElo "2434"]
[EventDate "2010.03.26"]

1. d4 d5 2. c4 c6 3. Nc3 Nf6 4. e3 g6 5. Nf3 Bg7 6. h3 O-O 7. Bd3 b6 8. e4
dxe4 9. Nxe4 Nbd7 10. O-O Bb7 11. Bf4 c5 12. d5 Nxe4 13. Bxe4 Bxb2 14. Rb1
Bg7 1/2-1/2

[Event "TOP 16 GpB"]
[Site "Chalons en Champagne FRA"]
[Date "2010.03.27"]
[Round "2"]
[White "Lahno,Kateri"]
[Black "Vaisser,A"]
[Result "1-0"]
[WhiteElo "2518"]
[BlackElo "2511"]
[EventDate "2010.03.26"]

1. d4 e6 2. c4 f5 3. Nc3 Nf6 4. Qc2 Bb4 5. e3 O-O 6. Bd3 d6 7. Bd2 c5 8.
Nge2 Nc6 9. h3 e5 10. dxe5 Nxe5 11. Nf4 Qe7 12. O-O Nxd3 13. Qxd3 Bxc3 14.
Bxc3 Ne4 15. Ba5 Be6 16. f3 Nf6 17. Rad1 b6 18. Bc3 Rad8 19. e4 fxe4 20.
fxe4 Bf7 21. Rde1 Nd7 22. Nd5 Bxd5 23. exd5 Rxf1+ 24. Qxf1 Qf7 25. Qe2 Nf8
26. h4 Ng6 27. Qg4 Rf8 28. h5 Qf2+ 29. Kh2 Qf4+ 30. Kh3 Qh6 31. Kg3 Nf4 32.
Re7 Rf7 33. Re8+ 1-0